| 000 | 01819nam a2200265Ia 4500 | ||
|---|---|---|---|
| 003 | OSt | ||
| 005 | 20210706150648.0 | ||
| 008 | 210310s2014 mx gr 000 0 spa d | ||
| 020 | _a9786078384235 | ||
| 040 |
_aCO-JMCR _cCO-JMCR |
||
| 041 | 0 | _aspa | |
| 082 | 0 | 4 |
_a332.63247 / _bS669e _223 |
| 100 | 1 |
_aSánchez Vega, Alejandro, _916185 _eautor |
|
| 245 | 1 | 3 |
_aLa estrategia fiscal y el fideicomiso / _cAlejandro Sánchez Vega |
| 250 | _a1° Edición | ||
| 260 |
_aMéxico : _bInstituto Mexicano de Contadores Públicos, _c2014 |
||
| 300 |
_a157 páginas ; _c22 cm. |
||
| 500 | _aIncluye notas a pie de página. | ||
| 504 | _aBibliografía: páginas 155-157 | ||
| 505 | 0 | _aConceptos jurídicos fundamentales -- Requisitos jurídicos en la estrategia fiscal -- Efectos de los contratos -- Aspectos fiscales del fideicomiso -- Caso práctico -- Conclusiones y propuestas | |
| 520 | 3 | _aLa carga tributaria representa un alto costo para los contribuyentes, por ello es importante conocer, en forma previa, el mejor escenario fiscal de conformidad con las disposiciones legales. Esto lleva a investigar cuál es la estrategia fiscal más adecuada, es decir, aquella que ofrece las mejores oportunidades económicas dentro del marco legal. Los contratos de fideicomiso son una valiosa herramienta para demostrar o soportar las operaciones realizadas por los diversos contribuyentes. Para lograrlo es indispensable conocer los requisitos legales y fiscales de los contrato, adecuar su contenido, cumplir con todas las formalidades, de acuerdo con cada tipo de contrato de fideicomiso, para que sus efectos sean reconocidos por parte de las autoridades fiscales y por los tribunales, en caso de controversia. | |
| 650 | 1 | 4 |
_aDerecho fiscal _916187 |
| 650 | 2 | 4 |
_aImpuesto _xLeyes y legislación _938391 |
| 942 |
_2ddc _cBK |
||
| 999 |
_c8048 _d8048 |
||